Riconosci il Pokémon - Quiz n°227 - Statistics

Statistiche generali
  • Questo quiz è stato fatto 1 volte
  • Il punteggio medio è 9 su 10
Statistiche sulle risposte
Indizio Risposta % Corretto
Altezza 1,3 m (Forma Ingenua); 1,8 m (Forma Possente)
100%
Tasso di cattura 45 (11.9%)
100%
Sesso 50% ♂, 50% ♀
100%
Peso 60,2 kg (Forma Ingenua); 97,4 kg (Forma Possente)
100%
Tipo Acqua
100%
Tasso di allevamento Lento
100%
Generazione Nona
100%
Stadio evoluzione Prima evoluzione
100%
Abilità Supercambio
100%
Pokémon Palafin
0%
Nessun quiz corrispondente trovato
Distribuzione punteggi
Percentuale di utenti per punteggio
Percentile per numero di risposta
I tuoi punteggi nel tempo
Non hai fatto questo quiz